Discovering modern c++: (Record no. 102013)

MARC details
000 -LEADER
fixed length control field 00601nam a22001817a 4500
005 - DATE AND TIME OF LATEST TRANSACTION
control field 20160809150203.0
010 ## - LCCN (DPL NO)
LC control number 1617EN
020 ## - INTERNATIONAL STANDARD BOOK NUMBER
International Standard Book Number 9789332575943
Terms of availability 799.00
037 ## - SOURCE OF ACQUISITION
Stock number dpl
Source of stock number/acquisition Tachniz
100 ## - MAIN ENTRY--PERSONAL NAME
Personal name Gottschling, Peter
245 ## - TITLE STATEMENT
Title Discovering modern c++:
Statement of responsibility, etc by Peter Gottschling
Remainder of title an intensive course for scientists, engineers, and programmers /
260 ## - PUBLICATION, DISTRIBUTION, ETC. (IMPRINT)
Place of publication, distribution, etc Noida
Name of publisher, distributor, etc Pearson
Date of publication, distribution, etc 2016
270 ## - ADDRESS
Address 7th Floor, Knowledge Boulevard, Sector 62
City Noida
Postal code 201309 (U.P.) India
300 ## - PHYSICAL DESCRIPTION
Extent xxi,444p.
Dimensions 24cm(pbk)
Other physical details ill.
500 ## - GENERAL NOTE
General note includs index
942 ## - ADDED ENTRY ELEMENTS (KOHA)
Source of classification or shelving scheme Dewey Decimal Classification
Item type English Books

No items available.


© Delhi Public Library
Hit Counter
free hit counter